01228nam a2200265 a 450000100100000000500170001000800410002702000180006804000250008608200200011110000380013124500680016926000480023730000360028549000270032150000770034865000360042565000370046183000330049891000390053195201330057095201180070395201240082199900170094500003911920201002031515.0130523s2012 dr ac 000 p spa d a9789945455830 aDO-SdBNPbspacBNPHU aPR861.44bA776c1 aArrillaga, María,d1940-91408410aCiudades como mares :bpoesía 1966-1993 /cMaría Arrillaga. aSan Juan, Puerto Rico :bIsla Negra,c2012. a292 p. :bil., retrs. ;c23 cm.1 aEl cañon secuestrado aIncluye datos biográficos del autor en la solapa de la contracubierta. 4aPoesía puertorriqueña91015 4aLiteratura puertorriqueña9250 3aEl cañon secuestrado96917 aValidado. Control de calidad BNPHU 001054708DSaGRbGRcHDd2013-05-23iLF1l0oPR861.44 A776cp39119-30r2020-06-25te. 3w2020-06-25yLFDSZPréstamo en sala 0010718PDaPDbPDcHDd2013-05-23iLF1l0oPR861.44 A776cp39119-10r2020-06-25w2020-06-25yLFPDZNo se presta 0010718PDaPDbPDcHDd2013-05-23iLF1l0oPR861.44 A776cp39119-20r2020-06-25te. 2w2020-06-25yLFPDZNo se presta c38609d38609